Tribes on the Hill /

Bibliographic Details
Main Author: Weatherford, Jack, 1946-
Format: Book
Language:English
Published: New York : Rawson, Wade, [1981]
Subjects:

MARC

Tag First Indicator Second Indicator Subfields
LEADER 00000cam a22000008a 4500
001 in00000076772
005 20210626063153.0
008 810529s1981 nyu b 00110 eng
010 |a  81040277  
020 |a 0892561807 :  |c $13.95 (est.) 
035 |a (OCoLC)07574835 
035 |9 AAH8594AM 
039 0 |a 2  |b 3  |c 3  |d 3  |e 3 
040 |a DLC  |c DLC  |d TXA  |d UtOrBLW 
043 |a n-us--- 
049 |a TXAM  |c [1560895] 
050 0 0 |a JK1051  |b .W38 
082 0 |a 328.73  |2 19 
100 1 |a Weatherford, Jack,  |d 1946- 
245 1 0 |a Tribes on the Hill /  |c J. McIver Weatherford. 
263 |a 8111 
264 1 |a New York :  |b Rawson, Wade,  |c [1981] 
264 4 |c ©1981 
300 |a xi, 300 pages ;  |c 21 cm. 
336 |a text  |b txt  |2 rdacontent 
337 |a unmediated  |b n  |2 rdamedia 
338 |a volume  |b nc  |2 rdacarrier 
500 |a Includes index. 
504 |a Bibliography: pages [281]-286. 
610 1 0 |a United States.  |b Congress. 
650 0 |a Political anthropology. 
999 |a MARS 
999 f f |s 716dcd0f-f441-381f-8c63-f872ca2ca1a2  |i 4abc5b19-def6-3ac1-b77f-6e5c4d18eccc  |t 0 
952 f f |p ric  |a Texas A&M University  |b Rellis Campus  |c Joint Library Facility  |d Remote Storage  |t 0  |e JK1051 .W38  |h Library of Congress classification  |i unmediated -- volume  |m A14806150729 
998 f f |a JK1051 .W38  |t 0  |l Remote Storage